Návrh riešenia na aplikáciu vybraných metód štíhlej výroby na pracovisku zvárania, projektu Huyndai/Doosan, spoločnosti Fortaco s. r. o.

Enregistré dans:
Détails bibliographiques
Auteur principal: Vincúr, Michal (Auteur)
Autres auteurs: Makyšová, Helena (Directeur de thèse)
Format: Manuscrit Livre
Langue:slovaque
Publié: 2025
Sujets:
Accès en ligne:http://is.stuba.sk/zp/portal_zp.pl?podrobnosti=183817
Tags: Ajouter un tag
Pas de tags, Soyez le premier à ajouter un tag!

MARC

LEADER 00000ntm a22000003a 4500
001 stuzp104208
003 SK-STU
005 20250614212755.5
007 ta
008 150427s2015----xo-----f-mn---000-0-slo-d
040 |a STU  |b slo 
041 0 |a slo 
100 1 |a Vincúr, Michal  |u 064000  |4 aut  |U MTF Materiálovotechnologická fakulta  |T MTF Ústav priemyselného inžinierstva a manažmentu  |X 61348  |U M4000  |Y 84  |7 61348 
242 0 1 |a The Solution Proposal for the Application of Selected Lean Manufacturing Methods at the Welding Workplace of the Hyundai/Doosan Project, Fortaco s. r. o.  |y eng 
245 1 0 |a Návrh riešenia na aplikáciu vybraných metód štíhlej výroby na pracovisku zvárania, projektu Huyndai/Doosan, spoločnosti Fortaco s. r. o. 
260 |c 2025 
650 4 |a operation snap shot  |2 eng 
650 4 |a 5S  |2 eng 
650 4 |a lean layout  |2 eng 
650 4 |a waste  |2 eng 
650 4 |a lean manufacturing  |2 eng 
650 4 |a plytvanie  |2 slo 
650 4 |a 5S  |2 slo 
650 4 |a štíhly layout  |2 slo 
650 4 |a snímka operácie  |2 slo 
650 4 |a štíhla výroba  |2 slo 
700 1 |a Makyšová, Helena  |u 064000  |k Z1  |4 ths  |U MTF Materiálovotechnologická fakulta  |T MTF Ústav priemyselného inžinierstva a manažmentu  |X 2772  |U M4000  |Y 84  |7 A000002772 
856 4 |u http://is.stuba.sk/zp/portal_zp.pl?podrobnosti=183817 
996 |c M* DP-15671  |l MMSKP  |s P  |a 0  |w stuzp104208_0001